| 000 | 00537nam a2200169 i 4500 | ||
|---|---|---|---|
| 001 | 129659 | ||
| 003 | ES-MaACL | ||
| 005 | 20251014063206.0 | ||
| 007 | t| | ||
| 008 | 070628s1913 xxk ||||1| eng d | ||
| 100 | 1 |
_aThompson, Alexander Hamilton, _d1873-1952 _9110064 |
|
| 245 | 1 | 4 |
_aThe historical growths of the englihs parishs churchs / _cAlexander Hamilton Thompson. |
| 260 |
_aCambridge : _bUniversity press, _c1913. |
||
| 300 |
_aXI, 142 p. : _bil. ; _c16 cm. |
||
| 852 |
_aES-MaACL _jD-3254 |
||
| 999 |
_c129659 _d129659 |
||